KOMENTÁR K DOTERAJŠÍM NOVELIZÁCIÁM ZÁKONA Č. 553/2003 Z. Z. O ODMEŇOVANÍ NIEKTORÝCH ZAMESTNANCOV PRI VÝKONE PRÁCE VO VEREJNOM ZÁUJME S PRÍKLADMI

Podrobná bibliografia
Hlavný autor: Rosenbergerová, Alžbeta (Autor)
Médium: Článok
Jazyk:slovenčina

MARC

LEADER 00000nab a2200000uu 4500
001 vtls010904122
003 SK-MaSNL
005 20260303120516.0
008 230131|2005 xo |||||||||||||||||slo|
015 |a SNBRB 
035 |a (urnnbn)urn:nbn:sk:snk:ar-a07se7 
035 |a (uuid)854e0f31-2856-4d87-9a58-4efcba6252fd 
035 |a urn:nbn:sk:snk-ab8uzz 
040 |a SNKBUCL  |b slo  |c SNKBUCL  |e AACR2 
041 0 |a slo 
044 |a xo  |c SK 
100 1 |a Rosenbergerová, Alžbeta  |4 aut  |9 460779 
245 1 0 |a KOMENTÁR K DOTERAJŠÍM NOVELIZÁCIÁM ZÁKONA Č. 553/2003 Z. Z. O ODMEŇOVANÍ NIEKTORÝCH ZAMESTNANCOV PRI VÝKONE PRÁCE VO VEREJNOM ZÁUJME S PRÍKLADMI  |c Alžbeta Rosenbergerová 
773 0 |t Príjmy a mzdy : odborný časopis pre mzdové a personálne útvary  |g Roč. 6, č. 10 (2005), s. 12-22 
954 |a odborná, vedecká literatúra pôvodná (slovenská)  |2 lita 
958 |a OND 
958 |a EUIPO 
958 |a article10 
999 |c 1910179  |d 1912109